000 00935nam a2200253Ia 4500
003 OSt
005 20220923211543.0
006 a|||||r|||| 00| 0
007 ta
008 220922b |||||||| |||| 00| 0 pan d
020 _a9789383437412 (hbk)
_c250
024 _a335,811
037 _b1023, 08/03/2018, H.K. Prakashan
_cTextual
040 _aARTS
_cARTS
_bpan
041 _2pan
_apan
082 _aV243, 153Q7
100 _aਸਿੱਧੂ, ਗੁਰਦੇਵ ਸਿੰਘ, ਂਚ.
_9156325
245 0 _aਕੂਕਾ ਇਤਿਹਾਸ ਦੇ ਅਣਛੋਹੇ ਸੁਨਹਿਰੀ ਪੰਤਰੇ
260 _aਚੰਡੀਗੜ
_b ਲੋਕਗੀਤ ਪ੍ਰਕਾFਨ
_c2017
300 _a134ਪ0
_ccm.
650 _aਇਤਿਹਾਸ
_9156320
942 _hV243, 153Q7
_cTEXL
_2CC
999 _c300707
_d300707